|
|
|
|
| LEADER |
01072nam a2200217 a 4500 |
| 001 |
GR-MES1090 |
| 008 |
991111s gr 000 b eng d |
| 040 |
|
|
|a GrPaTEI
|b gre
|c GR-PaULI
|
| 245 |
0 |
0 |
|a Schaum's outline of theory and problems of business law.
|
| 300 |
|
|
|a 452σελ.
|
| 490 |
1 |
|
|a Schaum's Outline Series
|
| 650 |
|
4 |
|a Εμπόριο
|
| 650 |
|
4 |
|a ΝΟΜΟΛΟΓΙΑ
|
| 700 |
1 |
|
|a Glaskowsky, N.
|
| 700 |
1 |
|
|a Wiesner, D.
|
| 830 |
|
0 |
|1 0015452
|1 2001
|a Ναυτιλιακή πολιτικήτης Ευρωπαϊκής ένωσης (Σωτήρης Θεοδωρόπουλος)
|
| 942 |
|
|
|2 ddc
|
| 952 |
|
|
|0 0
|1 0
|2 ddc
|4 0
|6 346_730000000000000_7_WIE
|7 0
|9 264952
|a MSLG
|b MSLG
|c BSC
|d 2021-01-17
|e 24
|f 0
|g 0.00
|l 0
|o 346.730 7 WIE
|p 2420000004296
|r 2021-01-17 00:00:00
|t 1
|w 2021-01-17
|y BK15
|x 19991111 0 1
|x GrPaTEI
|
| 952 |
|
|
|0 0
|1 0
|2 ddc
|4 0
|6 346_730000000000000_7_WIE
|7 0
|9 264953
|a MSLG
|b MSLG
|c BSC
|d 2021-01-17
|e 24
|f 0
|g 0.00
|l 0
|o 346.730 7 WIE
|p 2420000014813
|r 2021-01-17 00:00:00
|t 1
|w 2021-01-17
|y BK15
|x 19991111 0 1
|x GrPaTEI
|
| 971 |
|
|
|a .b2572132x
|b 15-04-20
|c 13-09-16
|
| 999 |
|
|
|c 152368
|d 152368
|